Provinces & Territories of Canada by Initials- 15 Second Sprint - Statistics

General Stats
  • This quiz has been taken 13 times
  • The average score is 6 of 13
Answer Stats
Answer % Correct
A Alberta
83%
B British Columbia
50%
M Manitoba
50%
N Newfoundland and Labrador
50%
N Nunavut
50%
O Ontario
50%
P Prince Edward Island
50%
Q Quebec
50%
Y Yukon Territory
50%
N New Brunswick
33%
N Northwest Territories
33%
N Nova Scotia
33%
S Saskatchewan
17%
No matching quizzes found
Score Distribution
Percent of People with Each Score
Percentile by Number Answered
Your Score History
You have not taken this quiz